Music Quiz

Random Music or Billboard Quiz

Sort Artists by Peak Chart Position (00s, Even Yrs) III Quiz Stats

Quiz not verified by Sporcle

Score 0/20 Timer 06:00
0 Plays Today
% Correct
Linkin Park
92.1%
Macy Gray
92.1%
I Try
90.5%
Nina Sky
87.3%
David Cook
87.3%
Taylor Hicks
84.1%
In the End
84.1%
Move Ya Body
82.5%
3-30-2002
79.4%
Do I Make You Proud?
76.2%
% Correct
The Time of My Life
73%
5-20-2000
71.4%
#2
65.1%
7-01-2006
65.1%
8-07-2004
63.5%
6-09-2008
61.9%
#4
55.6%
#1
52.4%
#5
49.2%
#3
41.3%

You're not logged in!

Compare scores with friends on all Sporcle quizzes.
Join for Free
OR
Log In

You Might Also Like...

Show Comments

Extras

Top Quizzes Today


Score Distribution

Your Account Isn't Verified!

In order to create a playlist on Sporcle, you need to verify the email address you used during registration. Go to your Sporcle Settings to finish the process.

Report this User

Report this user for behavior that violates our Community Guidelines.

Details: